000 00870nas a2200277 4500
001 BR9701683
003 BR-BrBNA
005 20231205100052.0
007 ta
008 230509b bl.|||p| |||| 00| 00por d
040 _aBR-BrBNA
_bpor
_cBiblioteca Nacional de Agricultura
041 _a(En)
072 _aL73
100 1 _aAraujo, J.V.
100 1 _aP. Neto, A.
100 1 _aAzevedo, M.H.F.
245 1 _aScreening parasitic nematode - trapping fungi Arthrobotrys for passage through the gastrointestinal tract of calves
650 _aBezerro
650 _aFungo
650 _aPredador
650 _aNematoide
650 _aAparelho Digestivo
773 0 _tArquivo Brasileiro de Medicina Veterinaria e Zootecnia (Brazil)
_xISSN 0102-0935
_g(Oct 1996), v. 48(5) p. 543-552
_wBR9701683
909 _a202311
_bLúcia
_c55
_dLúcia Elande
942 _2AGRIS
_n0
_cANA
999 _c154227
_d154227